Policies affecting highly skilled international migration

Analýza politík zameraných na ovplyvňovanie migrácie vysoko kvalifikovaných pracovných síl. Reštriktívne emigračné a imigračné politiky. Reparačné politiky. Udržiavacie politiky. Náborové politiky. Návratové politiky. Politiky zamerané na transfer poznatkov a finančných prostriedkov. Politika kooper...

Ausführliche Beschreibung

Gespeichert in:
Bibliographische Detailangaben
1. Verfasser: Přívarová, Magdaléna, 1955-
Format: Buchkapitel
Sprache:Slowakisch
Schlagworte:
Tags: Tag hinzufügen
Keine Tags, Fügen Sie das erste Tag hinzu!

MARC

LEADER 00000nla a2200000 4500
001 0195817
005 20240502073307.3
041 0 |a slo 
044 |a SK 
245 1 0 |a Policies affecting highly skilled international migration  |c Magdaléna Přívarová 
520 |a Analýza politík zameraných na ovplyvňovanie migrácie vysoko kvalifikovaných pracovných síl. Reštriktívne emigračné a imigračné politiky. Reparačné politiky. Udržiavacie politiky. Náborové politiky. Návratové politiky. Politiky zamerané na transfer poznatkov a finančných prostriedkov. Politika kooperácie. 
610 2 0 |a pohyb síl pracovných medzinárodný 
610 2 0 |a migrácia 
610 2 0 |a kvalifikácia 
610 2 0 |a sily pracovné 
610 2 0 |a politika migračná 
100 1 |a Přívarová, Magdaléna, 1955-